000 00405nam a2200169Ia 4500
003 LK-CoDNM
008 010623t1960 xxu||||| |||| 00| 1 sin d
040 _aLK-CoDNM
_dLK-CoDNM
_eLK-CoDNM
041 _asin
080 _a8S -1 19 AHU
100 _aAhubudu, Arisen
245 _aරස නිදසුන
246 _aRasa Nidasuna
260 _bAuthor
_c1960
300 _b19p., 18 cm
942 _cBK
999 _c105439
_d105439